Training for community development /

Bibliographic Details
Main Author: Batten, T. R. (Thomas Reginald)
Format: Book
Language:English
Published: London : Oxford University Press, 1962.
Subjects:

MARC

Tag First Indicator Second Indicator Subfields
LEADER 00000cam a2200000 4500
001 in00000057846
005 20151008050938.0
008 781227s1962 enk b 00000 eng
010 |a  62004736  
035 |a (OCoLC)04508474 
035 |9 AAG4498AM 
040 |a DLC  |c CLE  |d TXA  |d UtOrBLW 
049 |a TXAM  |c [351255] 
050 0 |a HN15.  |b .B37 
082 0 |a 301.34 
092 |a 301.34  |b B355t 
100 1 |a Batten, T. R.  |q (Thomas Reginald) 
245 1 0 |a Training for community development /  |c a critical study of method. 
264 1 |a London :  |b Oxford University Press,  |c 1962. 
300 |a 192 pages :  |b illustrations ;  |c 23 cm. 
336 |a text  |b txt  |2 rdacontent 
337 |a unmediated  |b n  |2 rdamedia 
338 |a volume  |b nc  |2 rdacarrier 
500 |a Includes bibliography. 
650 0 |a Community development. 
650 0 |a Social participation. 
999 |a MARS 
999 f f |s 42f3c5de-302f-3991-a52a-7f90d9cf0534  |i ea56a4c4-5fed-3551-96a9-bddea91837ba  |t 0 
952 f f |p ric  |a Texas A&M University  |b Rellis Campus  |c Joint Library Facility  |d Remote Storage  |t 0  |e HN15. .B37  |h Library of Congress classification  |i unmediated -- volume  |m A14800640661 
998 f f |a HN15. .B37  |t 0  |l Remote Storage